<?xml version="1.0" encoding="UTF-8"?><?xml-stylesheet type="text/xsl" href="static/style.xsl"?><OAI-PMH xmlns="http://www.openarchives.org/OAI/2.0/" xmlns:xsi="http://www.w3.org/2001/XMLSchema-instance" xsi:schemaLocation="http://www.openarchives.org/OAI/2.0/ http://www.openarchives.org/OAI/2.0/OAI-PMH.xsd"><responseDate>2026-06-29T02:33:56Z</responseDate><request verb="GetRecord" identifier="oai:docta.ucm.es:20.500.14352/62956" metadataPrefix="marc">https://docta.ucm.es/rest/oai/request</request><GetRecord><record><header><identifier>oai:docta.ucm.es:20.500.14352/62956</identifier><datestamp>2023-07-17T23:38:28Z</datestamp><setSpec>com_20.500.14352_14</setSpec><setSpec>col_20.500.14352_22</setSpec></header><metadata><record xmlns="http://www.loc.gov/MARC21/slim" xmlns:dcterms="http://purl.org/dc/terms/" xmlns:xsi="http://www.w3.org/2001/XMLSchema-instance" xmlns:doc="http://www.lyncode.com/xoai" xsi:schemaLocation="http://www.loc.gov/MARC21/slim http://www.loc.gov/standards/marcxml/schema/MARC21slim.xsd">
   <leader>00925njm 22002777a 4500</leader>
   <datafield ind2=" " ind1=" " tag="042">
      <subfield code="a">dc</subfield>
   </datafield>
   <datafield ind2=" " ind1=" " tag="720">
      <subfield code="a">Martínez Mateos, María del Mar</subfield>
      <subfield code="e">author</subfield>
   </datafield>
   <datafield ind2=" " ind1=" " tag="260">
      <subfield code="c">2003</subfield>
   </datafield>
   <datafield ind2=" " ind1=" " tag="520">
      <subfield code="a">Se estudia la acción del clenbuterol y éste asociado a la dexametasona sobre la edad, metabolismo, hígado y los ejes HHA y HHG en ratas Long Evans hembra. La ganancia de peso varió según la edad y el tipo de tratamiento aplicado, como lo demuestra la mayor efectividad en adultos tratados con clenbuterol y dexametasona, persistiendo incluso durante el periodo de reirada. Las concentraciones plasmáticas y hepáticas de clenbuterol, determinadas mediante EIA de competición, reflejaron el efecto borrador de la dexametasona, haciendo indetectable el tratamiento fraudulento durante el periodo de retirada, a los 5 días en sangre y a los 10 en hígado. El peso relativo hepático descendió considerablemente sin producir ninguna lesión, como se demostró mediante el estudio anatomopatológico. Las concentraciones de insulina se incrementaron a partir de la pubertad. Los glucocorticoides adrenales también sufrieron incrementos significativos. El descenso de las concentraciones de progesteron fue simultáneo a la elevación de las de 17-beta estradiol, dando lugar a lesiones en el tracto genital. Tras un periodo de retirada, los animales volvieron a la normalidad, recuperando casi por completo, su funcionalidad.</subfield>
   </datafield>
   <datafield ind1="8" ind2=" " tag="024">
      <subfield code="a">978-84-669-1485-7</subfield>
   </datafield>
   <datafield ind1="8" ind2=" " tag="024">
      <subfield code="a">https://hdl.handle.net/20.500.14352/62956</subfield>
   </datafield>
   <datafield ind2="0" ind1="0" tag="245">
      <subfield code="a">Efecto de la administración de beta-andrenérgicos en ratas sobre la estructura hepática y los perfiles hormonales</subfield>
   </datafield>
</record></metadata></record></GetRecord></OAI-PMH>